<?xml version="1.0" encoding="UTF-8"?>
<record
    xmlns:xsi="http://www.w3.org/2001/XMLSchema-instance"
    xsi:schemaLocation="http://www.loc.gov/MARC21/slim http://www.loc.gov/standards/marcxml/schema/MARC21slim.xsd"
    xmlns="http://www.loc.gov/MARC21/slim">

  <leader>03980 am a2200349 i 4500</leader>
  <controlfield tag="001">9562142</controlfield>
  <controlfield tag="003">CaAEU</controlfield>
  <controlfield tag="005">20260304104453.0</controlfield>
  <controlfield tag="008">200706s2021    enka     b    001 0 eng  </controlfield>
  <datafield tag="010" ind1=" " ind2=" ">
    <subfield code="a">  2020030108</subfield>
  </datafield>
  <datafield tag="020" ind1=" " ind2=" ">
    <subfield code="a">9781350099005</subfield>
    <subfield code="q">(hardback)</subfield>
  </datafield>
  <datafield tag="020" ind1=" " ind2=" ">
    <subfield code="a">9781350099012</subfield>
    <subfield code="q">(paperback)</subfield>
  </datafield>
  <datafield tag="035" ind1=" " ind2=" ">
    <subfield code="a">on1163953326</subfield>
  </datafield>
  <datafield tag="040" ind1=" " ind2=" ">
    <subfield code="a">DLC</subfield>
    <subfield code="b">eng</subfield>
    <subfield code="e">rda</subfield>
    <subfield code="c">DLC</subfield>
    <subfield code="d">AGPC</subfield>
  </datafield>
  <datafield tag="041" ind1=" " ind2=" ">
    <subfield code="a">English</subfield>
  </datafield>
  <datafield tag="042" ind1=" " ind2=" ">
    <subfield code="a">pcc</subfield>
  </datafield>
  <datafield tag="050" ind1="0" ind2="0">
    <subfield code="a">GT511</subfield>
    <subfield code="b">.K56 2021</subfield>
  </datafield>
  <datafield tag="100" ind1=" " ind2=" ">
    <subfield code="a">Kim, Eundeok,</subfield>
    <subfield code="e">author.</subfield>
    <subfield code="9">26752</subfield>
  </datafield>
  <datafield tag="245" ind1="1" ind2="0">
    <subfield code="a">Fashion trends </subfield>
    <subfield code="b">: analysis and forecasting </subfield>
    <subfield code="c">/ Eundeok Kim, Ann Marie Fiore, Alice Payne, and Hyejeong Kim.</subfield>
  </datafield>
  <datafield tag="250" ind1=" " ind2=" ">
    <subfield code="a">Second editon.</subfield>
  </datafield>
  <datafield tag="264" ind1=" " ind2="1">
    <subfield code="a">London ;</subfield>
    <subfield code="a">New York :</subfield>
    <subfield code="b">Bloomsbury Visual Arts,</subfield>
    <subfield code="c">2021.</subfield>
  </datafield>
  <datafield tag="300" ind1=" " ind2=" ">
    <subfield code="a">176 pages :</subfield>
    <subfield code="b">illustrations ;</subfield>
    <subfield code="c">25 cm.</subfield>
  </datafield>
  <datafield tag="504" ind1=" " ind2=" ">
    <subfield code="a">Includes bibliographical references and index.</subfield>
  </datafield>
  <datafield tag="505" ind1=" " ind2=" ">
    <subfield code="a">The Basics of Fashion Trends and Forecasting &#x2014; Introduction to Fashion Trend Terminology &#x2014; Fashion Trends in Context &#x2014; The Framework for Fashion Change &#x2014; Introduction to Fashion Forecasting Terminology &#x2014; Historical Overview of Fashion Forecasting &#x2014; 

Consumers' Role in Fashion Adoption &#x2014; The Innovation Adoption Process &#x2014; Factors Influencing the Rate of Adoption: Attributes of the Innovation &#x2014; Factors Influencing the Rate of Adoption: Consumer Adopter Categories &#x2014; 

The Process and Methods of Fashion Trend Analysis and Forecasting &#x2014; The Process of Fashion Trend Analysis and Forecasting &#x2014; The Methods of Fashion Trend Analysis and Forecasting &#x2014; Future of Fashion Forecasting &#x2014; 

The Role of Fashion Industry Professionals in Trend Development and Forecasting &#x2014; The Role of Fashion Industry Professionals in Creating and Supporting Trends &#x2014; The Role of Developers, Gatekeepers, and Promoters &#x2014; Forecasting as an Integrated Process &#x2014; 

Consumer and Industry Accelerators of Fashion Innovations and Diffusion &#x2014; The Style-Confident Consumer &#x2014; Industry Technology Trends that Accelerate Product Innovation and Diffusion &#x2014; Industry Technology Trends that Accelerate Consumer-Inspired Product Innovation &#x2014; Digital Technology that Facilitates Opinion Leadership and Innovation Diffusion &#x2014; 

Social Responsibility and Sustainability Related to Fashion Trends and Forecasting &#x2014; Definitions of Social Responsibility and Sustainability &#x2014; Increased Waste Due to Rapid Diffusion of Innovation &#x2014; The Influences of Social Responsibility and Sustainability on Fashion Trends &#x2014; Cost Issues Associated with Environmental Improvements and Programs to Encourage Socially Responsible Firms &#x2014; 

Formats of Trend Forecasts and the Influences of Trend Forecasting on Business Decisions &#x2014; Formats of Trend Forecasts &#x2014; The Influences of Trend Forecasting on Business Decisions.</subfield>
  </datafield>
  <datafield tag="520" ind1=" " ind2=" ">
    <subfield code="a">In a fast-moving global industry, how can anyone know what the next trend will be? Fashion Trends: Analysis and Forecasting offers a clear pathway into the theory and practice of forecasting fashion, using professional case studies to demonstrate each technique and concept.

This revised edition includes an updated model of the fashion trend analysis and forecasting process and expanded coverage of social media, digital influencers, sustainability and social responsibility. There are also first-hand visual materials relating to forecasts from leading firms.

With the rise of individualism and concern for the sustainable world, the authors also walk you through the 'end of fashion' and what comes next, including: recycled and upcycled fashion, garment rental, subscription services, the circular economy, transparency and traceability, and the role of forecasting in encouraging sustainable lifestyles.</subfield>
    <subfield code="c">Provided by publisher.</subfield>
  </datafield>
  <datafield tag="650" ind1=" " ind2="0">
    <subfield code="a">Fashion</subfield>
    <subfield code="x">Forecasting</subfield>
    <subfield code="9">10522</subfield>
  </datafield>
  <datafield tag="650" ind1=" " ind2="0">
    <subfield code="a">Clothing trade </subfield>
    <subfield code="x">Forecasting</subfield>
    <subfield code="9">10521</subfield>
  </datafield>
  <datafield tag="700" ind1=" " ind2=" ">
    <subfield code="a">Fiore, Ann Marie,</subfield>
    <subfield code="e">author.</subfield>
    <subfield code="9">26753</subfield>
  </datafield>
  <datafield tag="700" ind1=" " ind2=" ">
    <subfield code="a">Payne, Alice,</subfield>
    <subfield code="e">author.</subfield>
    <subfield code="9">26754</subfield>
  </datafield>
  <datafield tag="700" ind1=" " ind2=" ">
    <subfield code="a">Kim, Hyejeong,</subfield>
    <subfield code="e">author.</subfield>
    <subfield code="9">26755</subfield>
  </datafield>
  <datafield tag="942" ind1=" " ind2=" ">
    <subfield code="2">lcc</subfield>
  </datafield>
  <datafield tag="952" ind1=" " ind2=" ">
    <subfield code="0">0</subfield>
    <subfield code="1">0</subfield>
    <subfield code="2">lcc</subfield>
    <subfield code="4">0</subfield>
    <subfield code="7">0</subfield>
    <subfield code="a">TBS</subfield>
    <subfield code="b">TBS</subfield>
    <subfield code="d">2026-03-04</subfield>
    <subfield code="l">0</subfield>
    <subfield code="r">2026-03-04</subfield>
    <subfield code="w">2026-03-04</subfield>
    <subfield code="y">1</subfield>
    <subfield code="z">SOON AVAILABLE</subfield>
  </datafield>
  <datafield tag="999" ind1=" " ind2=" ">
    <subfield code="c">5367</subfield>
    <subfield code="d">5367</subfield>
  </datafield>
</record>
